000
00339nam a22001457a 4500
999
_c
6437
_d
6435
005
20210831150440.0
008
200522b xxu||||| |||| 00| 0 eng d
041
_a
eng
082
_a
340
245
_a
The suprem court rules,2013
260
_a
Delhi
_b
Professional Book Publishers
300
_a
172p.
650
_a
Law
_9
5701
942
_c
BK